| 000 | 01006nam a2200229Ia 4500 | ||
|---|---|---|---|
| 001 | Para_9862 | ||
| 008 | 220602s9999 xx 000 0 und d | ||
| 090 | _aPA CD-TESIS 8 | ||
| 100 |
_aPérez Hernández, José _9185080 |
||
| 245 | _aInfluencia de coberturas vivas y mantillos en el manejo de malezas y la conservación de humedad del suelo en zarzamora (Rubus fruticosus) / Ignacio Pérez Hernández; Asesor José Alfredo Domínguez Valenzuela | ||
| 260 | _aChapingo, Méx.: el autor | ||
| 300 | _a1 CD ROM (56 p.) | ||
| 502 | _aTesis (Ing. Agr. Esp. en Parasitología Agrícola). UACh.Departamento Parasitología Agrícola | ||
| 650 |
_aMora \ Malas hierbas - control _9185081 |
||
| 700 |
_aIgnacio Pérez Hernández \ Domínguez Valenzuela, José Alfredo, Asesor _9185082 |
||
| 710 |
_aUACh Departamento Parasitología Agrícola Ì _9185036 |
||
| 901 | _aPA CD-TESIS 8 | ||
| 902 | _aM | ||
| 905 | _a5232202010 an 8000000300 06 | ||
| 942 | _c2 | ||
| 999 |
_c217247 _d217247 |
||